000 01265nam a22003617a 4500
003 CHAP
005 20220329133421.0
008 971013s1991 r 00010 d
010 _a6132
011 _a7104
035 _a6327
040 _cCHAP
090 _aTesis
100 0 0 _aMoreno Pérez, Esau del Carmen.
_978678
245 _aRelación de fertilidad de polen y morfología de estigmas con la tolerancia a frío y la ubicación de las flores en la panícula de sorgo (Sorghum bicolor (L.) Moench)
260 _aChapingo, Méx. :
_bEl autor,
_c1991
300 _a93 h.
_b: ilus.
500 _a61-23
502 _aTesis (Ing. Agr. Esp. en Fitotecnia) -- UACH. Departamento de Fitotecnia
590 _aALEPH
_b10
_c20130110
_lUCH01
_h1217
590 _aBATCH-UPD
_b10
_c20130110
_lUCH01
_h1943
590 _aBATCH-UPD
_b10
_c20130410
_lUCH01
_h1306
590 _aBATCH-UPD
_b10
_c20130914
_lUCH01
_h1444
590 _aCONVERSION
_b10
_c20130109
_lUCH01
_h1304
650 1 4 _aFrío
_xEfecto en sorgo.
_943544
650 1 4 _aPolen
_xMorfología.
_990211
650 1 4 _aSorgo
_xHíbridos.
_9108681
650 1 4 _aSorgo
_xPolen.
_9108706
650 1 4 _aSorgo
_zMéxico (Edo.).
_9108740
901 _aBK
942 _cTESIS
949 _bBC
_cTES
_d-15928
_eTS1
_h25356
_i6327
_si
999 _c6132
_d6132